| 000 | 00666nam a2200193Ia 4500 | ||
|---|---|---|---|
| 008 | 0000001977 fr a 0000000000fre00 | ||
| 090 | _aPRU00 K86y | ||
| 100 | 1 |
_aKuper, Yuri _d1940 |
|
| 245 | 1 | 0 | _aYuri Kuper |
| 300 |
_a[20] p. _c/ 30 cm. |
||
| 500 | _aExposición realizada en Galerie Hervé Odermatt, Paris, 1975 \ Con el patronazgo del maestro venezolano Jesús Rafael Soto (q.e.p.d.) | ||
| 600 | 0 | 0 |
_aKUPER, YURI, 1940/ _xTRABAJOS PICTORICOS |
| 650 | 1 | 4 | _aARTE CONTEMPORANEO RUSO |
| 650 | 1 | 4 | _xCATALOGOS |
| 650 | 1 | 4 | _xEXPOSICIONES |
| 650 | 1 | 4 | _aPINTORES RUSOS |
| 650 | 1 | 4 | _aPINTURA RUSA |
| 999 |
_c4804 _d4804 |
||
| 260 |
_aParis : Galerie Hervé Odermatt _c1977 |
||